| LEADER 00000nama 2200000uu 4500 |
| 001 197787 |
| 003 ULIBM |
| 008 040531s|||| th m m a000 0 tha d |
| 020 9789740447092 |
| 041 tha |
| 050 WX215 ห321 2551 |
| 100 วิทยา ชาติบัญชาชัย...[และคนอื่นๆ]. |
| 245 หลักการพัฒนาระบบบริการการแพทย์ฉุกเฉิน 2551/วิทยา ชาติบัญชาชัย...[และคนอื่นๆ]. |
| 260 โรงพยาบาลขอนแก่น. 2551. ขอนแก่น. |
| 300 252 หน้า. |
| 500 ได้รับการสนับสนุนงบประมาณจากสำนักงานหลักประกันสุขภาพแห่งชาติ. |
| 600 I.สำนักงานระบบบริการการแพทย์ฉุกเฉิน II.สำนักงานหลักประกันสุขภาพแห่งชาติ. |
| 650 1.บริการการแพทย์ฉุกเฉิน--การพัฒนา 2.บริการฉุกเฉินของโรงพยาบาล. |
| 995 001 |